Fifa Weltrangliste (Männer) Komplett - Statistiken

Allgemein
  • Dieses Quiz wurde 117 mal gespielt
  • Das Durchschnittsergebnis liegt bei 129 aus 210
Antwortstatistiken
Position Punkte Nation % Korrekt
9 1716.98 Deutschland
99%
1 1885.36 Argentinien
97%
5 1777.69 Brasilien
97%
3 1862.03 Frankreich
96%
2 1867.09 Spanien
96%
8 1736.38 Belgien
93%
11 1702.58 Italien
91%
6 1770.53 Portugal
91%
29 1545.43 Schweden
91%
7 1758.18 Niederlande
90%
19 1635.08 Schweiz
90%
14 1679.46 Kolumbien
88%
35 1518.54 Russland
88%
4 1813.32 England
87%
17 1641.23 Japan
86%
33 1519.42 Norwegen
86%
22 1591.24 Österreich
86%
210 738.24 San Marino
86%
41 1492.40 Tschechien
86%
15 1671.04 USA
86%
10 1702.58 Kroatien
84%
37 1502.40 Polen
84%
13 1689.73 Mexiko
83%
26 1557.21 Ukraine
83%
57 1441.62 Chile
81%
92 1260.17 Luxemburg
81%
23 1587.08 Südkorea
81%
21 1621.24 Dänemark
80%
69 1371.54 Finnland
80%
48 1474.46 Rumänien
80%
52 1466.56 Slowakei
80%
126 1131.33 Estland
78%
28 1548.94 Kanada
78%
119 1151.05 Nordkorea
78%
27 1553.19 Türkei
78%
16 1670.76 Uruguay
78%
68 1373.15 Albanien
77%
24 1578.57 Australien
77%
39 1497.82 Griechenland
77%
20 1624.30 Iran
77%
59 1415.11 Saudi-Arabien
77%
34 1518.79 Ägypten
75%
174 953.95 Andorra
75%
75 1336.52 Israel
75%
137 1099.29 Lettland
75%
143 1069.20 Litauen
75%
12 1698.72 Marokko
75%
32 1523.03 Serbien
75%
50 1469.76 Slowenien
75%
78 1315.71 Bolivien
74%
84 1284.42 Bulgarien
74%
94 1249.46 China
74%
60 1412.76 Irland
74%
74 1337.92 Island
74%
204 811.66 Liechtenstein
74%
56 1443.31 Südafrika
74%
49 1471.10 Tunesien
74%
36 1503.80 Algerien
72%
40 1493.85 Costa Rica
72%
58 1417.04 Irak
72%
53 1459.85 Katar
72%
43 1486.69 Paraguay
72%
18 1635.10 Senegal
72%
25 1570.68 Ecuador
71%
133 1113.22 Indien
71%
95 1247.71 Kosovo
71%
62 1390.79 Nordmazedonien
71%
47 1474.68 Schottland
71%
38 1500.74 Ungarn
71%
76 1333.33 Ghana
70%
114 1165.49 Kasachstan
70%
121 1148.22 Niger
70%
31 1528.93 Wales
70%
61 1412.10 Demokratische Republik Kongo
68%
176 923.25 Nepal
68%
44 1484.26 Nigeria
68%
132 1116.26 Republik Kongo
68%
55 1449.12 Usbekistan
68%
46 1477.02 Venezuela
68%
122 1148.00 Aserbaidschan
67%
72 1349.11 Bosnien und Herzegowina
67%
168 977.43 Malta
67%
77 1327.28 Montenegro
67%
82 1288.86 Neuseeland
67%
71 1351.01 Nordirland
67%
79 1314.41 Oman
67%
120 1149.49 Togo
67%
67 1375.23 Georgien
65%
51 1466.97 Kamerun
65%
154 1028.26 Moldawien
65%
201 829.41 Pakistan
65%
30 1545.08 Panama
65%
42 1489.97 Peru
65%
105 1204.78 Armenien
64%
97 1237.24 Belarus
64%
118 1154.55 Indonesien
64%
156 1021.25 Jemen
64%
106 1202.54 Tadschikistan
64%
102 1222.07 Thailand
64%
128 1124.36 Zypern
64%
45 1483.45 Elfenbeinküste
62%
130 1120.02 Nicaragua
62%
140 1092.40 Turkmenistan
62%
161 1001.37 Afghanistan
61%
101 1229.11 Trinidad und Tobago
61%
65 1379.86 Vereinigte Arabische Emirate
61%
81 1292.63 Guinea
59%
90 1261.42 Haiti
59%
66 1379.84 Honduras
59%
70 1362.97 Jamaika
59%
166 980.33 Kuba
59%
175 924.60 Tschad
59%
104 1208.57 Kirgisistan
58%
138 1098.87 Kuwait
58%
117 1155.19 Libyen
58%
125 1138.48 Malaysia
58%
136 1099.98 Suriname
58%
91 1260.82 Syrien
58%
172 964.06 Taiwan
58%
103 1209.23 Tansania
58%
85 1279.55 Angola
57%
142 1076.77 Dominikanische Republik
57%
87 1272.70 El Salvador
57%
109 1179.06 Kenia
57%
148 1046.35 Lesotho
57%
115 1162.86 Madagaskar
57%
54 1454.72 Mali
57%
188 879.75 Mongolei
57%
200 832.13 Somalia
57%
110 1173.59 Sudan
57%
169 975 60 Südsudan
57%
141 1089.74 Färöer
55%
153 1037.34 Guyana
55%
180 910.21 Kambodscha
55%
112 1172.44 Libanon
55%
99 1236.18 Mosambik
55%
160 1004.06 Myanmar
55%
108 1192.29 Namibia
55%
83 1284.32 Sambia
55%
89 1266.96 Bahrain
54%
96 1238.97 Benin
54%
186 888 94 Bhutan
54%
150 1043.44 Fidschi
54%
100 1235.63 Guatemala
54%
144 1068.31 Liberia
54%
127 1125.47 Ruanda
54%
159 1017.29 Singapur
54%
88 1269.37 Uganda
54%
183 900.62 Brunei
52%
155 1022.87 Eswatini
52%
64 1387.79 Jordanien
52%
116 1157.45 Simbabwe
52%
196 855.13 Sri Lanka
52%
198 835.64 Tonga
52%
113 1169.92 Vietnam
52%
205 807.36 Bahamas
51%
182 901.37 Dominica
51%
80 1306.60 Gabun
51%
131 1119.54 Guinea-Bissau
51%
185 890.35 Laos
51%
111 1173.04 Mauretanien
51%
195 855.36 Osttimor
51%
124 1140.06 Sierra Leone
51%
134 1107.54 Zentralafrikanische Republik
51%
187 883.17 Amerikanisch Samoa
49%
93 1251.59 Äquatorialguinea
49%
123 1141.36 Gambia
49%
73 1343.68 Kap Verde
49%
107 1198.51 Komoren
49%
177 921.61 Mauritius
49%
170 969.17 Papua-Neuguinea
49%
190 876.41 Samoa
49%
203 820.71 Seychellen
49%
181 904.45 Belize
48%
135 1101 20 Botswana
48%
199 835.18 Gibraltar
48%
171 965.75 Malediven
48%
145 1066.35 Philippinen
48%
165 990.69 St. Lucia
48%
163 992.38 Antigua und Barbuda
46%
146 1060.62 Äthiopien
46%
178 919.97 Barbados
46%
191 865.75 Dschibuti
46%
151 1041.53 St. Kitts und Nevis
46%
164 991.59 Vanuatu
46%
184 899.01 Bangladesch
45%
139 1092.51 Burundi
45%
167 978.40 Grenada
45%
149 1045.58 Salomonen
45%
193 865.08 São Tomé und Príncipe
43%
173 962.43 St. Vincent und die Grenadinen
42%
63 1388.03 Burkina Faso
41%
129 1121.10 Malawi
41%
98 1236.44 Palästina
41%
86 1277.22 Curaçao
33%
157 1020.44 Puerto Rico
32%
147 1046.91 Hongkong
30%
162 1000.04 Bermuda
29%
207 779.71 Amerikanische Jungferninseln
28%
208 768.50 Britische Jungferninseln
28%
202 823.08 Guam
26%
189 877.53 Cookinseln
25%
192 865.29 Macau
23%
194 861.16 Aruba
20%
152 1039.55 Neukaledonien
19%
158 1019.04 Tahiti
19%
179 916.75 Montserrat
16%
209 758.52 Anguilla
14%
197 853.37 Kaimaninseln
14%
206 803.98 Turks -und Caicosinseln
12%
Keine übereinstimmenden Quizze gefunden
Verteilung der Resultate
Anzahl Personen mit jedem Resultat
Perzentil nach korrekt beantworteten Fragen
Ihre Resultats-Entwicklung
Sie haben dieses Quiz noch nicht gespielt